00273nam a2200097Ia 4500008004100000100001400041245005300055260004400108300000900152650001400161190216s9999||||xx |||||||||||||| ||und|| aFinar. Il 0aProblems And Their Solution In Organic Chemistry bThe English Language Book Societyc1973 a359p aChemistry